| 000 | 00455nam a2200181Ia 4500 | ||
|---|---|---|---|
| 001 | 4369 | ||
| 005 | 20260306145750.0 | ||
| 008 | 260306t2020||||xx |||||||||||||| ||spa|| | ||
| 041 | _aESP | ||
| 082 |
_a320.985 _bLL762 |
||
| 100 |
_aLlosa Montagne, Jorge Ernesto, _eAUT |
||
| 245 | 0 | _aYo, soldado del ejercito y de la constitución | |
| 260 | _c2020 | ||
| 300 |
_a547 pƔginas : _c22 cm. |
||
| 650 | _aGEN | ||
| 654 | _aCDE | ||
| 942 |
_cLIB _dJUS _fJUS _2ddc _n |
||
| 999 |
_c4369 _d4369 |
||